UM Logo

Resolution of the psychological association of the Philippines on gender- based violence and violence against women (VAW). (Record no. 3822)

MARC details
000 -LEADER
fixed length control field 00607nam a2200157 4500
008 - FIXED-LENGTH DATA ELEMENTS--GENERAL INFORMATION
fixed length control field 160811b xxu||||| |||| 00| 0 eng d
022 ## - INTERNATIONAL STANDARD SERIAL NUMBER
International Standard Serial Number 01153153
082 ## - DEWEY DECIMAL CLASSIFICATION NUMBER
Classification number DPer 150.5 P53 June-Dec 2014 v. 47, n. 1 & 2
243 ## - COLLECTIVE UNIFORM TITLE
Unifor title <a href=" "> </a>
245 ## - TITLE STATEMENT
Title Resolution of the psychological association of the Philippines on gender- based violence and violence against women (VAW).
260 ## - PUBLICATION, DISTRIBUTION, ETC. (IMPRINT)
Place of publication, distribution, etc. Quezon City:
Name of publisher, distributor, etc. Psychological Association of the Philippines,
Date of publication, distribution, etc. ©2014.
300 ## - PHYSICAL DESCRIPTION
Extent v47 n2, pages 153-156;
Dimensions 24 cm.
500 ## - GENERAL NOTE
General note Philippine Journal of Psychology.
650 #0 - SUBJECT ADDED ENTRY--TOPICAL TERM
9 (RLIN) 12710
Topical term or geographic name as entry element Women's right
942 ## - ADDED ENTRY ELEMENTS (KOHA)
Source of classification or shelving scheme Dewey Decimal Classification
Koha item type Periodicals
Holdings
Withdrawn status Lost status Source of classification or shelving scheme Damaged status Not for loan Collection code Home library Current library Date acquired Total Checkouts Full call number Date last seen Price effective from Koha item type Public note
    Dewey Decimal Classification     Periodicals UM Digos College - LIC UM Digos College - LIC 08/11/2016   DPer 150.5 P53 June-Dec 2014 v. 47, n. 1 & 2 08/11/2016 08/11/2016 Periodicals Periodical article